Т. 19; Современные проблемы математики

Dettagli Bibliografici
Parent link:Современные проблемы математики/ Академия наук СССР (АН СССР), Всесоюзный институт научной и технической информации (ВИНИТИ) ; науч. ред. Р. В. Гамкрелидзе. Т. 19.— , 1973-1990
Lingua:russo
Pubblicazione: 1982
Soggetti:
Natura: MixedMaterials Libro
KOHA link:https://koha.lib.tpu.ru/cgi-bin/koha/opac-detail.pl?biblionumber=318811

MARC

LEADER 00000nam2a2200000 4500
001 318811
005 20231102003121.0
035 |a (RuTPU)RU\TPU\book\344312 
090 |a 318811 
100 |a 20160506d1982 k y0rusy50 ca 
101 0 |a rus 
102 |a RU 
105 |a y z 001zy 
200 0 |a Т. 19 
210 |d 1982 
215 |a 208 с. 
320 |a Библиогр. в конце ст. 
461 1 |0 (RuTPU)RU\TPU\book\288692  |t Современные проблемы математики  |f Академия наук СССР (АН СССР), Всесоюзный институт научной и технической информации (ВИНИТИ) ; науч. ред. Р. В. Гамкрелидзе  |v Т. 19  |d 1973-1990  |s Современные проблемы математики 
606 1 |a Математика  |2 stltpush  |3 (RuTPU)RU\TPU\subj\67327  |9 83171 
610 1 |a математическая экономика 
610 1 |a исследования 
610 1 |a вероятностные модели 
610 1 |a экономическое равновесие 
610 1 |a экономическая динамика 
610 1 |a локальный анализ 
610 1 |a выпуклый анализ 
675 |a 51  |v 3 
801 1 |a RU  |b 63413507  |c 20160506 
801 2 |a RU  |b 63413507  |c 20200303  |g RCR 
942 |c BK